| Tag |
First Indicator |
Second Indicator |
Subfields |
| LEADER |
00000cam a2200000 a 4500 |
| 001 |
in00000018676 |
| 005 |
20151007054028.0 |
| 008 |
870923s1988 nyua b 10100 eng |
| 010 |
|
|
|a 87027374
|
| 020 |
|
|
|a 0941743063 :
|c $92.00
|
| 035 |
|
|
|a (OCoLC)16830687
|
| 035 |
|
|
|9 AAB3747AM
|
| 040 |
|
|
|a DLC
|c DLC
|d TXA
|d UtOrBLW
|
| 041 |
1 |
|
|a eng
|h rus
|
| 049 |
|
|
|a TXAM
|c [A11053047]
|
| 050 |
0 |
0 |
|a QC1
|b .A4114 vol. 171
|a QC658
|
| 082 |
0 |
|
|a 530 s
|a 535.5/8
|2 19
|
| 245 |
0 |
0 |
|a Research on laser theory /
|c edited by A.N. Orayevskiy ; translated by Kevin S. Hendzel.
|
| 264 |
|
1 |
|a Commack :
|b Nova Science Publishers,
|c [1988]
|
| 264 |
|
4 |
|c ©1988
|
| 300 |
|
|
|a vii, 288 pages :
|b illustrations ;
|c 25 cm.
|
| 336 |
|
|
|a text
|b txt
|2 rdacontent
|
| 337 |
|
|
|a unmediated
|b n
|2 rdamedia
|
| 338 |
|
|
|a volume
|b nc
|2 rdacarrier
|
| 490 |
1 |
|
|a Proceedings of the Lebedev Physics Institute of the Academy of Sciences of the USSR ;
|v v. 171
|
| 500 |
|
|
|a Translation of: Issledovanii︠a︡ po teorii lazerov.
|
| 504 |
|
|
|a Includes bibliographies and index.
|
| 650 |
|
0 |
|a Lasers
|v Congresses.
|
| 650 |
|
0 |
|a Quantum electronics
|v Congresses.
|
| 700 |
1 |
|
|a Oraevskiĭ, A. N.
|q (Anatoliĭ Nikolaevich)
|
| 700 |
1 |
|
|a Hendzel, Kevin S.
|
| 830 |
|
0 |
|a Trudy Fizicheskogo instituta.
|l English ;
|v v. 171.
|
| 999 |
|
|
|a MARS
|
| 999 |
f |
f |
|s 69bd7381-af29-3791-9870-76cfb2d96828
|i 1267fb0b-0f29-32bc-a4dc-281869f4ea75
|t 0
|
| 952 |
f |
f |
|p ric
|a Texas A&M University
|b Rellis Campus
|c Joint Library Facility
|d Remote Storage
|t 0
|e QC1 .A4114 v.171
|h Library of Congress classification
|i unmediated -- volume
|m A14811053047
|
| 998 |
f |
f |
|a QC1 .A4114 v.171
|t 0
|l Remote Storage
|